| 000 | 00618nam a2200205 i 4500 | ||
|---|---|---|---|
| 001 | 33843 | ||
| 003 | ES-MaACL | ||
| 005 | 20260129173916.0 | ||
| 007 | t| | ||
| 008 | 030203s1965 sp ||||1| cat d | ||
| 100 | 1 |
_aBlade Desumvila, A. _929079 |
|
| 245 | 1 | 0 |
_aContribució a la biografía de Mestre Fabra / _cA. Blade Desumvila. |
| 260 |
_aBarcelona : _bRafael Dalmau, _c[1965] |
||
| 300 |
_a121 p. ; _c19 cm. |
||
| 490 | 1 | _aPanorama actual de les idees | |
| 600 | 0 | 4 |
_aFabra, Pompeu. _948525 |
| 830 | 0 |
_aPanorama actual de les idees _9180987 |
|
| 852 |
_aES-MaACL _jC-28852 _bR.57789 |
||
| 999 |
_c33843 _d33843 |
||